| 000 | 00796nam a2200193 a 4500 | ||
|---|---|---|---|
| 008 | 071101s2002 ||||||||||||||||| || u | ||
| 020 | _a0821365193 | ||
| 050 | _aIBRD(06)LJD/2002/2 | ||
| 100 | _aPalmieri, Alessandro | ||
| 245 | 1 | 0 |
_aRegulatory frameworks for dam safety: a comparative study _cby Daniel D. Bradlow, Alessandro Palmieri and Salman M.A. Salman |
| 260 |
_aWashington, D.C. _bWorld Bank _c2002 |
||
| 350 | _a0.00 | ||
| 490 | _aLaw, justice, and development | ||
| 650 | _aDAMS--DESIGN AND CONSTRUCTION--LAW AND LEGISLATION | ||
| 700 | _aBradlow, Daniel D | ||
| 700 | _aSalman, Salman M. A | ||
| 710 | _aWorld Bank | ||
| 995 |
_D0.00 _FCBU-MAIN LIBRARY (Kitwe) _H1 _I0.00 _M1 _UAVAILABLE _WNov 1, 2007 _ZInternational Publications |
||
| 999 |
_c55971 _d55971 |
||